Normal view
MARC view
- MUHAMMAD SHAHZAD ANWAR
Entry Personal Name
001 - CONTROL NUMBER
- control field: 72878
003 - CONTROL NUMBER IDENTIFIER
- control field: NUST
005 - DATE AND TIME OF LATEST TRANSACTION
- control field: 20210628204931.0
008 - FIXED-LENGTH DATA ELEMENTS
- fixed length control field: 210628|| aca||aabn | a|a d
040 ## - CATALOGING SOURCE
- Original cataloging agency: NUST
- Transcribing agency: NUST
100 ## - HEADING--PERSONAL NAME
- Personal name: MUHAMMAD SHAHZAD ANWAR
670 ## - SOURCE DATA FOUND
- Source citation: Work cat.: (NUST): MUHAMMAD SHAHZAD ANWAR,, TH-SOF-0621-COMPARATIVE PERFORMANCE EVALUATION OF LDPC CEDED AND TURBO CODED OFDM SYSTEMS, 2018
